00689nam a22001937a 450000500170000001000150001702000260003203500140005803700090007208200110008110000230009224500400011526000380015527000870019330000200028094200220030099900190032295201540034120250603142623.0 aENG-145138 a9789388248150c795.00 aEN-128670 bDBAD a92121 aSahil Kumar981576 aGopal Krishna Gokhale/bSahil Kumar aDelhibGyan Geeta Prakashanc2019 aF-7, Gali No. 1, Panchsheel Garden Ext. Naveen ShahdrabDelhie110032k09716234769 a272p.c22cm(hb) 2ddccENmSAHh921 c211531d211531 001040708NFICaNPLbNPLd2025-06-03eDelivery of Books Act Divisiong795.00l0oSAH 921pEN-128670r2025-06-03 00:00:00t1v795.00w2025-06-03yEN